| 000 | 00944nam a22003017a 4500 | ||
|---|---|---|---|
| 001 | 244 | ||
| 003 | FISKH | ||
| 005 | 20260226151155.0 | ||
| 008 | 230309b cb ||||| |||| 00| 0 eng d | ||
| 020 | _a9780439443838 | ||
| 040 |
_aDLC _cDLC _dDLC _dFISKH _beng |
||
| 042 | _alcac | ||
| 050 | 0 | 0 |
_aPZ7.L87734 _bRul 2006 |
| 082 | 0 | 0 |
_a813 _222 |
| 100 | 1 | _aLord, Cynthia. | |
| 245 | 1 | 0 |
_aRules / _cCynthia Lord. |
| 260 |
_aNew York _bScholastic _c2008 |
||
| 300 |
_a200 p. ; _c20 cm. |
||
| 505 | _aM | ||
| 520 | _aFrustrated at life with an autistic brother, twelve-year-old Catherine longs for a normal existence but her world is further complicated by a friendship with a young paraplegic. | ||
| 521 | 8 |
_a670
_bLexile |
|
| 521 | 8 |
_aM
_bRaz-Plus |
|
| 650 | 1 |
_aAutism _vFiction. |
|
| 650 | 1 |
_aSiblings _vFiction. |
|
| 650 | 1 |
_aPeople with disabilities _vFiction. |
|
| 906 |
_a7 _bcbc _corignew _d1 _eecip _f20 _gy-gencatlg |
||
| 942 |
_2ddc _cBK _n0 |
||
| 999 |
_c244 _d244 |
||